Normal view MARC view
  • JUVENILE FICTION / Horror & Ghost Stories

Entry Topical Term

Number of records used in: 1

001 - CONTROL NUMBER

  • control field: 130133

003 - CONTROL NUMBER IDENTIFIER

  • control field: NUST

005 - DATE AND TIME OF LATEST TRANSACTION

  • control field: 20250725111658.0

008 - FIXED-LENGTH DATA ELEMENTS

  • fixed length control field: 250725|| aca||aabn | a|a d

040 ## - CATALOGING SOURCE

  • Original cataloging agency: NUST
  • Transcribing agency: NUST

150 ## - HEADING--TOPICAL TERM

  • Topical term or geographic name entry element: JUVENILE FICTION / Horror & Ghost Stories

670 ## - SOURCE DATA FOUND

  • Source citation: Work cat.: (NUST)0: Roux, Madeleine, 1985- 130127, Asylum /
© 2023 Central Library, National University of Sciences and Technology. All Rights Reserved.